<?xml version="1.0" encoding="UTF-8"?>
<record
    xmlns:xsi="http://www.w3.org/2001/XMLSchema-instance"
    xsi:schemaLocation="http://www.loc.gov/MARC21/slim http://www.loc.gov/standards/marcxml/schema/MARC21slim.xsd"
    xmlns="http://www.loc.gov/MARC21/slim">

  <leader>00529nam a22001697a 4500</leader>
  <datafield tag="999" ind1=" " ind2=" ">
    <subfield code="c">61474</subfield>
    <subfield code="d">61474</subfield>
  </datafield>
  <controlfield tag="005">20240318162003.0</controlfield>
  <controlfield tag="008">240318s1976    ru ||||| |||| 00| 0 rus d</controlfield>
  <datafield tag="041" ind1=" " ind2=" ">
    <subfield code="a">rus</subfield>
  </datafield>
  <datafield tag="080" ind1=" " ind2=" ">
    <subfield code="a">94 : 39(4) &#x41F;-37</subfield>
  </datafield>
  <datafield tag="100" ind1=" " ind2=" ">
    <subfield code="a">&#x41F;&#x43B;&#x435;&#x442;&#x43D;&#x435;&#x432;&#x430;, &#x421;. &#x410;.</subfield>
    <subfield code="9">21454</subfield>
  </datafield>
  <datafield tag="245" ind1=" " ind2=" ">
    <subfield code="a">&#x425;&#x430;&#x437;&#x430;&#x440;&#x44B; /</subfield>
    <subfield code="c">&#x421;. &#x410;. &#x41F;&#x43B;&#x435;&#x442;&#x43D;&#x451;&#x432;&#x430;.</subfield>
  </datafield>
  <datafield tag="264" ind1=" " ind2=" ">
    <subfield code="a">&#x41C;.: </subfield>
    <subfield code="b">&#x41D;&#x430;&#x443;&#x43A;&#x430;, </subfield>
    <subfield code="c">1976.</subfield>
  </datafield>
  <datafield tag="300" ind1=" " ind2=" ">
    <subfield code="a"> 96 &#x441;. : </subfield>
    <subfield code="b">&#x438;&#x43B;.;</subfield>
    <subfield code="c">20 &#x441;&#x43C;.</subfield>
  </datafield>
  <datafield tag="653" ind1=" " ind2=" ">
    <subfield code="a">&#x10EE;&#x10D0;&#x10D6;&#x10D0;&#x10E0;&#x10D4;&#x10D1;&#x10D8;</subfield>
  </datafield>
  <datafield tag="653" ind1=" " ind2=" ">
    <subfield code="a">&#x10D0;&#x10E6;&#x10DB;&#x10DD;&#x10E1;&#x10D0;&#x10D5;&#x10DA;&#x10D4;&#x10D7; &#x10D4;&#x10D5;&#x10E0;&#x10DD;&#x10DE;&#x10D0;</subfield>
  </datafield>
  <datafield tag="942" ind1=" " ind2=" ">
    <subfield code="2">udc</subfield>
    <subfield code="c">&#x1CAC;&#x1C98;&#x1C92;&#x1C9C;&#x1C98;</subfield>
  </datafield>
  <datafield tag="952" ind1=" " ind2=" ">
    <subfield code="0">0</subfield>
    <subfield code="1">0</subfield>
    <subfield code="2">udc</subfield>
    <subfield code="4">0</subfield>
    <subfield code="6">94__394_&#x41F;37</subfield>
    <subfield code="7">0</subfield>
    <subfield code="9">98313</subfield>
    <subfield code="a">CPL</subfield>
    <subfield code="b">CPL</subfield>
    <subfield code="c">GEN</subfield>
    <subfield code="d">2024-03-18</subfield>
    <subfield code="g">4.00</subfield>
    <subfield code="o">94 : 39(4) &#x41F;-37</subfield>
    <subfield code="p">65779</subfield>
    <subfield code="r">2024-03-18</subfield>
    <subfield code="t">65779</subfield>
    <subfield code="u">&#x10D1;&#x10E1;&#x10E3;-&#x10E1; &#x10E1;&#x10D0;&#x10DE;&#x10D0;&#x10E2;&#x10D8;&#x10DD; &#x10D3;&#x10DD;&#x10E5;&#x10E2;&#x10DD;&#x10E0;&#x10D8;&#x10E1; &#x10D2;&#x10E3;&#x10E0;&#x10D0;&#x10DB; &#x10DA;&#x10DD;&#x10E0;&#x10D7;&#x10E5;&#x10D8;&#x10E4;&#x10D0;&#x10DC;&#x10D8;&#x10EB;&#x10D8;&#x10E1; &#x10E1;&#x10D0;&#x10E9;&#x10E3;&#x10E5;&#x10D0;&#x10E0;&#x10D8;</subfield>
    <subfield code="w">2024-03-18</subfield>
    <subfield code="y">&#x1CAC;&#x1C98;&#x1C92;&#x1C9C;&#x1C98;</subfield>
    <subfield code="z">4 &#x10DA;</subfield>
  </datafield>
</record>
